000 00898nam a22003017a 4500
001 BR2017002695
003 BR-BrBNA
005 20230928105155.0
007 ta
008 230509b bl.||||| |||| 00| 0 por d
040 _aBR-BrBNA
_bpor
_cBiblioteca Nacional de Agricultura
041 _a(Por)
072 _aL40
_b8891
090 _ 8891 BR2017002695
100 1 _aSouza, M.F.V.R.
110 1 _aUniversidade Federal de Lavras, MG (Brasil)
_0Tese (Doutorado)
245 1 _aPalpigradi (Arachnida): morfologia, biogeografia e conservação
260 3 _aLavras, MG (Brasil):
_c2017.
300 _a105 p.
500 _aSummaries (Eng, Por); Several bibliography; 8 illus.; 9 tables
650 _aARACNÍDEO
650 _aANATOMIA ANIMAL
650 _aDISTRIBUIÇÃO GEOGRÁFICA
650 _aSOLO
650 _aCONSERVAÇÃO
909 _a202309
_bLucia
_c55
_dLucia Elande
942 _cBK
999 _c83836
_d83836